| 000 | 01395nam a22002657a 4500 | ||
|---|---|---|---|
| 005 | 20170124103220.0 | ||
| 010 | _aB-197858 | ||
| 020 |
_c300.00 _a8170004047 |
||
| 035 | _aB-197858 | ||
| 037 | _bCen Lib/Ret | ||
| 040 |
_aDPL _bHN |
||
| 082 |
_a020 _bलालसी |
||
| 100 |
_aलाल, सी. _9100811 |
||
| 245 |
_aग्रन्थालय एवम् सूचना विज्ञान अध्य्यन माला : एम.लिब.परीक्षाओं हेतु : _cसी.लाल [और] के.कुमार _bसूचना स्त्रोत एवम् सेवाएँ / |
||
| 246 |
_aGranthalaya ewam soochna vigyan adhhyan mala : M.Lib.parikshaon hetu : soochna strot ewam sevaen / _bby C.Lal [aur] K.Kumar |
||
| 260 |
_aनई दिल्ली _bएस.एस.पब्लिकेशन्स _c2004 |
||
| 270 |
_a4837/24, अंसारी रोड, दरियागंज _bनई दिल्ली _e110002 |
||
| 300 |
_a188पृ. _c20सेमी(सजिल्द) |
||
| 650 |
_aपुस्तकालय विज्ञान _9100812 |
||
| 650 |
_aएम.लिब. -- प्रश्न पत्र _9100813 |
||
| 650 |
_aLibrary Science _9100814 |
||
| 650 |
_aM.Lib. -- question paper _9100815 |
||
| 700 |
_aके.कुमार _967402 |
||
| 942 |
_2ddc _cHN _h020 _mलालसी |
||
| 999 |
_c121771 _d121771 |
||